Procesy rozwoju ekonomiczno - spolecznego

Salvato in:
Dettagli Bibliografici
Altri autori: Kudłaszyk, Andrzej
Natura: Libro
Lingua:polacco
Pubblicazione: Wroclaw Wyzsza szkola oficerska wojsk ladowych im. gen. Tadeusza Kościuszki 2004
Soggetti:
Tags: Aggiungi Tag
Nessun Tag, puoi essere il primo ad aggiungerne!!

MARC

LEADER 00000nam a2200000 4500
001 0151249
005 20240104134446.1
020 |a 83-87384-75-5 
041 0 |a pol 
044 |a PL 
245 1 0 |a Procesy rozwoju ekonomiczno - spolecznego  |c pod redakcja Andrzeja Kudłaszyka 
264 1 |a Wroclaw  |b Wyzsza szkola oficerska wojsk ladowych im. gen. Tadeusza Kościuszki  |c 2004 
300 |a 166 s. 
610 2 0 |a rozvoj hospodársky 
610 2 0 |a poistenie 
610 2 0 |a bankovníctvo 
610 2 0 |a poľnohospodárstvo 
610 2 0 |a prostredie prírodné 
700 1 |a Kudłaszyk, Andrzej